书目信息 |
| 题名: |
有吸收力的心灵
|
|
| 作者: | 蒙台梭利 著 ;方补课 译 | |
| 分册: | ||
| 出版信息: | 上海 上海人民出版社 2019.01 |
|
| 页数: | 331页 | |
| 开本: | 21cm | |
| 丛书名: | 世界教育名著译丛 | |
| 单 册: | ||
| 中图分类: | G61 | |
| 科图分类: | ||
| 主题词: | 儿童教育--er tong jiao yu--早期教育 | |
| 电子资源: | ||
| ISBN: | 978-7-208-15573-2 | |
| 000 | 01100nam 2200277 450 | |
| 001 | 0109110015 | |
| 005 | 20201109110331.0 | |
| 010 | @a978-7-208-15573-2@b精装@dCNY58.00 | |
| 100 | @a20190406d2019 em y0chiy50 ea | |
| 101 | 1 | @achi@cita |
| 102 | @aCN@b310000 | |
| 105 | @ay z 000yy | |
| 106 | @ar | |
| 200 | 1 | @a有吸收力的心灵@Ayou xi shou li de xin ling@dThe absorbent mind@f(意)玛丽亚·蒙台梭利(Maria Montessori)著@g方补课译@zeng |
| 210 | @a上海@c上海人民出版社@d2019.01 | |
| 215 | @a331页@d21cm | |
| 225 | 2 | @a世界教育名著译丛@Ashi jie jiao yu ming zhu yi cong |
| 330 | @a本书共28章,用大量的事实和实验证据,对儿童的生命状态、心智特点、成长阶段、精神构建、个性形成、社会化发展,以及儿童教育者在儿童成长过程中应该扮演的角色等,做了揭示和阐述。 | |
| 461 | 0 | @12001 @a世界教育名著译丛 |
| 510 | 1 | @aAbsorbent mind@zeng |
| 606 | 0 | @a儿童教育@Aer tong jiao yu@x早期教育 |
| 690 | @aG61@v5 | |
| 701 | 0 | @c(意)@a蒙台梭利@Ameng tai suo li@c(女,Montessori, Maria@f1870-1952)@4著 |
| 702 | 0 | @a方补课@Afang bu ke@4译 |
| 801 | 0 | @aCN@bBJSZM@c20201103 |
| 905 | @b1263456-60@dG61@e1409@f5 | |
| 有吸收力的心灵=The absorbent mind/(意)玛丽亚·蒙台梭利(Maria Montessori)著/方补课译.-上海:上海人民出版社,2019.01 |
| 331页;21cm.-(世界教育名著译丛) |
| ISBN 978-7-208-15573-2(精装):CNY58.00 |
| 本书共28章,用大量的事实和实验证据,对儿童的生命状态、心智特点、成长阶段、精神构建、个性形成、社会化发展,以及儿童教育者在儿童成长过程中应该扮演的角色等,做了揭示和阐述。 |
| ● |
| 相关链接 |
|
|
|
|
正题名:有吸收力的心灵
索取号:G61/1409
 
预约/预借
| 序号 | 登录号 | 条形码 | 馆藏地/架位号 | 状态 | 备注 |
| 1 | 1263456 | 212634568 | 第一样本阅览室/ [索取号:G61/1409] | 在馆 | |
| 2 | 1263457 | 212634577 | 教育系资料室/ [索取号:G61/1409] | 在馆 | |
| 3 | 1263458 | 212634586 | 教育系资料室/ [索取号:G61/1409] | 在馆 | |
| 4 | 1263459 | 212634595 | 第四借阅区/ [索取号:G61/1409] | 在馆 | |
| 5 | 1263460 | 212634602 | 第四借阅区/ [索取号:G61/1409] | 在馆 |